| 000 | 00495nam a22001697a 4500 | ||
|---|---|---|---|
| 003 | NUST - PNEC | ||
| 005 | 20170116180850.0 | ||
| 008 | 150825b xxu||||| |||| 00| 0 eng d | ||
| 020 | _a8173715580 | ||
| 040 | _cLIBRARY | ||
| 082 | _a610.28 SAR | ||
| 100 |
_95639 _aSarbadhikari, S N |
||
| 245 |
_aA short introduction to biomedical engineering _cS N Sarbadhikari |
||
| 260 |
_aHyderabad India: _bUniversity press, _c2006 |
||
| 648 |
_95641 _aMedical electronics _xGeneral, EL |
||
| 942 |
_2ddc _cBK |
||
| 999 |
_c64575 _d64575 |
||